[Event "10th EICC"]
[Site "Budva MNE"]
[Date "2009.03.15"]
[Round "9"]
[White "Papadopoulos,I"]
[Black "Sidorenko,I"]
[Result "1/2-1/2"]
[WhiteElo "2455"]
[BlackElo "2370"]

1.e4 c5 2.Nf3 d6 3.d4 cxd4 4.Nxd4 Nf6 5.Nc3 Nc6 6.Bg5 e6 7.Qd2 a6 8.O-O-O Bd7
9.f4 Be7 10.Kb1 b5 11.a3  1/2-1/2

[Event "10th EICC"]
[Site "Budva MNE"]
[Date "2009.03.16"]
[Round "10"]
[White "Areshchenko,A"]
[Black "Kozul,Z"]
[Result "1-0"]
[WhiteElo "2673"]
[BlackElo "2594"]

1.e4 c5 2.Nf3 d6 3.d4 cxd4 4.Nxd4 Nf6 5.Nc3 Nc6 6.Bg5 e6 7.Qd2 a6 8.O-O-O Bd7
9.f3 Qc7 10.Kb1 Be7 11.h4 O-O 12.g4 Rfc8 13.Nxc6 Bxc6 14.Bf4 Ne8 15.g5 b5
16.Bh3 Rd8 17.Qf2 Rab8 18.h5 b4 19.Ne2 e5 20.Bc1 d5 21.g6 Bf6 22.Ng3 a5 23.exd5 Bxd5
24.Ne4 Bxe4 25.fxe4 Rxd1 26.Rxd1 Rd8 27.Rg1 h6 28.gxf7+ Kxf7 29.Qf5 Qb6 30.Rf1 Ke7
31.b3 Rd6 32.Bg4 Qc5 33.a4 Qc6 34.Be3 Qc3 35.Qf2 Rc6 36.Rd1 Rc7 37.Bb6 Nd6
38.Bxc7 Qxc7 39.Qe2 Bg5 40.Rd5 Bf4 41.Qa6 Bg3 42.Bf3 Bf2 43.Rxe5+ Kf6 44.Rd5 Bg3
45.Bg4 Be5 46.Qf1+ Kg5 47.Rxe5+ Kxg4 48.Qg2+  1-0

[Event "10th EICC"]
[Site "Budva MNE"]
[Date "2009.03.17"]
[Round "11"]
[White "Papadopoulos,I"]
[Black "Jankovic,A"]
[Result "0-1"]
[WhiteElo "2455"]
[BlackElo "2571"]

1.e4 c5 2.Nf3 Nc6 3.d4 cxd4 4.Nxd4 Nf6 5.Nc3 d6 6.Bg5 e6 7.Qd2 a6 8.O-O-O Bd7
9.f4 b5 10.Bxf6 gxf6 11.Kb1 Qb6 12.Nxc6 Bxc6 13.f5 Qc5 14.Bd3 h5 15.Qe1 b4
16.Ne2 e5 17.h4 Bh6 18.Rh3 Ke7 19.Ng3 Rag8 20.Qf1 Bf4 21.Qf3 Qe3 22.Qxe3 Bxe3
23.Be2 Bf2 24.Nh1 Rxg2 25.Bf3 Rhg8 26.Bxg2 Rxg2 27.Nxf2 Rxf2 28.Re3 Rh2 29.Rde1 Rxh4
30.a3 bxa3 31.b3 Rf4 32.Ka2 h4 33.Kxa3 h3 34.Rxh3 Bxe4 35.Rc3 Bxf5 36.Rc7+ Ke6
37.Rd1 Be4 38.Rd2  0-1

[Event "TCh-AUT 1st Bundesliga 2008-9"]
[Site "Ansfelden AUT"]
[Date "2009.03.20"]
[Round "9"]
[White "Hartl,D"]
[Black "Wittmann,W"]
[Result "1-0"]
[WhiteElo "2188"]
[BlackElo "2269"]

1.e4 c5 2.Nf3 Nc6 3.d4 cxd4 4.Nxd4 Nf6 5.Nc3 d6 6.Bg5 e6 7.Qd2 a6 8.O-O-O Bd7
9.f3 Rc8 10.Be3 h5 11.h3 Be7 12.Be2 b5 13.g4 b4 14.Nb1 Qa5 15.a3 bxa3 16.Nxa3 Nb4
17.Kb1 Rb8 18.Nb3 Qa4 19.g5 Nh7 20.Bc4 Nc6 21.f4 O-O 22.Qc3 d5 23.Nc5 Bxc5
24.Bxc5 Rfc8 25.exd5 exd5 26.Bxd5 Bf5 27.Kc1 Nb4 28.Bb3 Qa5 29.Bxb4 Rxb4
30.Nc4 Qb5 31.Rhe1 Nf8 32.Re5 Rbxc4 33.Bxc4 Qa4 34.Bxf7+ Kh8 35.Rc5 Qxf4+
36.Kb1 Rxc5 37.Qxc5 Bxc2+ 38.Kxc2 Qxf7 39.Rd8 Kg8 40.Qd5  1-0

[Event "10th Dos Hermanas Internet"]
[Site "ICC INT"]
[Date "2009.03.20"]
[Round "1.4"]
[White "Aveskulov,V"]
[Black "Vovk,Y"]
[Result "1/2-1/2"]
[WhiteElo "2526"]
[BlackElo "2546"]

1.e4 c5 2.Nf3 d6 3.d4 cxd4 4.Nxd4 Nf6 5.Nc3 Nc6 6.Bg5 e6 7.Qd2 a6 8.O-O-O Nxd4
9.Qxd4 Be7 10.f3 b5 11.h4 Bb7 12.Kb1 Qc7 13.g4 O-O 14.Bd3 b4 15.Ne2 e5 16.Qe3 d5
17.Ng3 dxe4 18.fxe4 Bc5 19.Qe2 Nd7 20.h5 f6 21.Bc1 Nb6 22.Nf5 Rf7 23.g5 fxg5
24.Bxg5 Rxf5 25.exf5 Bxh1 26.Rxh1 Be7 27.Be3 Bf6 28.Rg1 Kh8 29.h6 gxh6 30.Be4 Rd8
31.Qxa6 Nd7 32.Bxh6 Qc5 33.Rd1 Qe7 34.Qe6 Nc5 35.Rxd8+ Qxd8 36.Qd5 Nxe4 37.Qxe4 Qd1+
38.Bc1 h5 39.Qg2 Qg4 40.Qa8+ Kh7 41.Qb7+ Qg7 42.Qxb4 h4 43.Qb3 Bg5 44.a4 Bxc1
45.Kxc1 Qg1+ 46.Kd2 Qg2+ 47.Kd1 h3 48.Qf7+ Kh6 49.Qf6+ Kh5 50.Qf7+ Kh6 51.Qf6+ Kh7
52.Qxe5 h2 53.Qe7+ Kh6 54.Qf6+ Kh7 55.Qf7+ Kh6 56.Qe6+ Kh7  1/2-1/2

[Event "25th Spring Festival"]
[Site "Budapest HUN"]
[Date "2009.03.21"]
[Round "2"]
[White "Jamrich,G"]
[Black "Mester,A"]
[Result "0-1"]
[WhiteElo "2294"]
[BlackElo "2116"]

1.e4 c5 2.Nf3 Nc6 3.d4 cxd4 4.Nxd4 Nf6 5.Nc3 d6 6.Bg5 e6 7.Qd2 a6 8.O-O-O Bd7
9.f3 b5 10.Nxc6 Bxc6 11.Ne2 Rc8 12.Nd4 Bb7 13.h4 Be7 14.g4 O-O 15.Bh3 d5
16.e5 Nd7 17.Rde1 Nb6 18.f4 Nc4 19.Qd3 Qc7 20.Bxe7 Qxe7 21.f5 Qb4 22.Nb3 d4
23.Rhg1 Nxb2 24.Kxb2 Rc3 25.Qf1 Rf3 26.Qe2 Rxh3 27.f6 Rc8 28.h5 Re3 29.Qd1 Be4
30.Rxe3 dxe3 31.Qe1 Rxc2+ 32.Ka1 Qa3 33.Qb1 Re2 34.Rc1 Bxb1 35.Rc8+ Qf8 36.Rxf8+ Kxf8  0-1

[Event "TCh-AUT 1st Bundesliga 2008-9"]
[Site "Ansfelden AUT"]
[Date "2009.03.22"]
[Round "11"]
[White "Sutovsky,E"]
[Black "Manik,M"]
[Result "1-0"]
[WhiteElo "2660"]
[BlackElo "2448"]

1.e4 c5 2.Nf3 Nc6 3.d4 cxd4 4.Nxd4 Nf6 5.Nc3 d6 6.Bg5 e6 7.Qd2 a6 8.O-O-O Be7
9.f4 Nxd4 10.Qxd4 b5 11.Bxf6 gxf6 12.f5 Rb8 13.Qe3 Qa5 14.Kb1 h5 15.fxe6 fxe6
16.Ne2 Qb6 17.Qb3 Qc5 18.Nf4 Kf7 19.Be2 Qe5 20.Rhf1 Bb7 21.Nd3 Qg5 22.h4 Qxh4
23.Nf4 Bc8 24.Nh3 Rg8 25.Rf4 Rg4 26.Bxg4 hxg4 27.Nf2 d5 28.Rh1 Bd7  1-0

[Event "Open B"]
[Site "Zagreb CRO"]
[Date "2009.03.23"]
[Round "3"]
[White "Franciskovic,V"]
[Black "Petrovic,Zv"]
[Result "0-1"]
[WhiteElo "2124"]
[BlackElo "2256"]

1.e4 c5 2.Nf3 Nc6 3.d4 cxd4 4.Nxd4 Nf6 5.Nc3 d6 6.Bg5 Bd7 7.Be2 a6 8.O-O e6
9.Kh1 Be7 10.f4 h6 11.Bh4 Qb6 12.Bf2 Qc7 13.Qd2 Rc8 14.Qe3 b5 15.Qg3 b4 16.e5 dxe5
17.Nxc6 exf4 18.Qxg7 Rg8 19.Qxg8+ Nxg8 20.Nxe7 Nxe7 21.Ne4 Qe5 22.Bf3 f5
23.Bh5+ Kf8 24.Nd2 Rxc2 25.Nf3 Qc7 26.Nd4 Rxb2 27.Rfc1 Qd6 28.Bg1 e5 29.Nf3 Ba4
30.Bc5 Qd5 31.Nh4 Be8 32.Bxe7+ Kxe7 33.Nxf5+ Kf6 34.Bf3 e4 35.Bg4 Qd2 36.Bh3 f3
37.Nh4 Kg5 38.Rd1 Qf2  0-1

[Event "Spring Open"]
[Site "Belgrade SRB"]
[Date "2009.03.24"]
[Round "4"]
[White "Bralic,D"]
[Black "Ugrenovic,B"]
[Result "1/2-1/2"]
[WhiteElo "1804"]
[BlackElo "2104"]

1.e4 c5 2.Nf3 d6 3.d4 cxd4 4.Nxd4 Nf6 5.Nc3 Nc6 6.Bg5 Bd7 7.Qd2 Rc8 8.O-O-O Nxd4
9.Qxd4 Qa5 10.f4 h6 11.Bxf6 gxf6 12.Kb1 Qc5 13.Qd3 h5 14.Be2 h4 15.Bf3 Bg7
16.Rhe1 Qc4 17.Qxc4 Rxc4 18.Nd5 Rc8 19.b3 b5 20.Ne3 Bh6 21.f5 Bf4 22.Ng4 Kf8
23.Rg1 Kg7 24.g3 hxg3 25.hxg3 Bg5 26.Rh1 Rxh1 27.Bxh1 Rc3 28.Rd3 Rxd3 29.cxd3 e6
30.fxe6 fxe6 31.Bf3 Bd2 32.Nh2 Be1 33.Nf1 Kg6 34.Kc2 a5 35.Kd1 Bf2 36.Ke2 Bd4
37.Ne3 Kg5 38.Nc2 Be5 39.Kf2 Bc3 40.Ke2 a4 41.Ke3 axb3 42.axb3 Bb2 43.Kf2 Be8
44.Be2 Bg6 45.Ne1 Bd4+ 46.Kg2 Kh6 47.Nc2 Bb2 48.Ne3 Bf7 49.Bd1 Kg7 50.Kf3 Kf8
51.Bc2 Ke7 52.Nf1 Bd4 53.Nd2 Bh5+ 54.g4 Bf7 55.Ke2 Bb2 56.Nf3 Bc1 57.Nd4 Be8
58.Bb1 Bd7 59.Bc2 Bb2 60.Nf3 Bc1 61.Nd4 Kd8 62.Bb1 Kc7 63.Ba2 Bb2 64.Nf3 Bc1
65.Nd4 Bb2 66.Nf3 Kb6 67.g5 fxg5 68.Nxg5 Bc1 69.Nf3 Kc5 70.Kd1 Bf4 71.Kc2 Kb4
72.Nd4 Be3 73.Ne2 Be8 74.Bb1 Bf7 75.Ba2 Bh5 76.Nc3  1/2-1/2

[Event "Open A"]
[Site "Zagreb CRO"]
[Date "2009.03.26"]
[Round "6"]
[White "Bender,I"]
[Black "Banas,J"]
[Result "0-1"]
[WhiteElo "2277"]
[BlackElo "2380"]

1.e4 c5 2.Nf3 d6 3.d4 cxd4 4.Nxd4 Nf6 5.Nc3 Nc6 6.Bg5 e6 7.Qd2 a6 8.O-O-O Bd7
9.Kb1 h6 10.Bxf6 Qxf6 11.Nb3 Qd8 12.h4 Qc7 13.Rh3 O-O-O 14.Rd3 Be7 15.g3 Ne5
16.Re3 Kb8 17.Qe2 g5 18.hxg5 hxg5 19.f4 gxf4 20.gxf4 Ng6 21.f5 Ne5 22.Nd4 Bc8
23.Na4 Qa5 24.b3 Bg5 25.Rc3 Bd7 26.Qe1 Nc6 27.Qg3 Be7 28.fxe6 fxe6 29.Nxc6+ Bxc6
30.Nc5 Rhg8 31.Nxa6+ bxa6 32.Qe3 Bb7 33.b4 Qe5 34.Ra3 Bf6 35.c3 Rg3 36.Qb6 Rxc3
37.Rxc3 Qxc3 38.e5 Qxe5 39.Rd2 Qe1+ 40.Kc2 Rc8+  0-1

[Event "ITT Proyeccion U20"]
[Site "Buenos Aires ARG"]
[Date "2009.03.28"]
[Round "4"]
[White "Perez Ponsa,F"]
[Black "Guerrero,Alv"]
[Result "1-0"]
[WhiteElo "2390"]
[BlackElo "2178"]

1.e4 c5 2.Nf3 Nc6 3.d4 cxd4 4.Nxd4 Nf6 5.Nc3 d6 6.Bg5 e6 7.Qd2 Be7 8.O-O-O Nxd4
9.Qxd4 O-O 10.f4 Qa5 11.Bc4 Bd7 12.e5 dxe5 13.fxe5 Bc6 14.Bd2 Nd7 15.Nd5 Qd8
16.Nxe7+ Qxe7 17.Rhe1 Rfd8 18.Qg4 Nf8 19.Bf1 Ng6 20.Bb4 Rxd1+ 21.Rxd1 Qh4
22.Qxh4 Nxh4 23.Rd2 h5 24.c4 Rc8 25.Bc3 Nf5 26.g3 g6 27.Be2 Kf8 28.b3 Ke8
29.Kd1 Be4 30.Bb2 Bb1 31.Bc1 Rd8 32.Rxd8+ Kxd8 33.Bg5+ Kc7 34.Kc1 Be4 35.Bf1 a6
36.Kb2 Nd4 37.h4 Nc6 38.Bf6 Nd4 39.Bg5 Nc6 40.Bf4 Nd4 41.Kc3 Nf5 42.b4 Bf3
43.a4 Bd1 44.a5 Bf3 45.Bd3 Kc6 46.Bc2 Kc7 47.Ba4 Bc6 48.b5 Bd7 49.Kb4 axb5
50.cxb5 b6 51.Bc2 bxa5+ 52.Kxa5 Nd4 53.Bd3 Nf5 54.Ka6 Bc8+ 55.Ka7 Bb7 56.b6+ Kc8
57.Ba6 Bxa6 58.Kxa6 Kb8 59.Bg5 Nd4 60.Be7 Nc6 61.Bd6+ Kc8 62.b7+ Kd7 63.Kb6 f5
64.exf6 Kxd6 65.f7  1-0

[Event "Victor Ciocaltea Mem"]
[Site "Bucharest ROM"]
[Date "2009.03.31"]
[Round "9"]
[White "Haznedaroglu,K"]
[Black "Lupulescu,C"]
[Result "0-1"]
[WhiteElo "2451"]
[BlackElo "2608"]

1.e4 c5 2.Nf3 Nc6 3.d4 cxd4 4.Nxd4 Nf6 5.Nc3 d6 6.Bg5 e6 7.Bb5 Qb6 8.Be3 Qc7
9.g4 a6 10.Be2 h6 11.f3 Bd7 12.a4 Ne5 13.Kf2 Nc4 14.Bxc4 Qxc4 15.Qd3 Qc7
16.h4 g6 17.Nde2 Bc6 18.Nd4 d5 19.e5 Nd7 20.f4 Nc5 21.Qe2 h5 22.g5 Be7 23.b4 Nd7
24.b5 Bxb5 25.Nxd5 exd5 26.axb5 Nc5 27.bxa6 bxa6 28.Rhc1 O-O 29.c4 Rad8 30.Kg1 Rfe8
31.Bf2 Qd7 32.Qf3 dxc4 33.Rxc4 Bf8 34.Rac1 Rc8 35.Ne2 Na4 36.Ng3 Rxc4 37.Rxc4 Qb5
38.Rc7 Nc5 39.f5 Rxe5 40.fxg6 Qb1+ 41.Kg2 Qxg6 42.Nxh5 Ne4 43.Rc8 Qe6 44.Nf6+ Nxf6
45.Qxf6 Qg4+ 46.Kh2 Re2 47.g6 Qxg6 48.Qxg6+ fxg6 49.Kg1 Kf7 50.Rc7+ Re7 51.Rc6 Re6
52.Rc7+ Kf6 53.Kg2 Ke5 54.Rc8 Bb4 55.Ra8 Kd5 56.Kf3 a5 57.Kg4 Kc4 58.h5 gxh5+
59.Kxh5 Kb3 60.Kg4 a4 61.Kf3 a3 62.Bd4 a2 63.Kf2 Re4 64.Bh8 Bd6 65.Ra6 Bc5+
66.Kf3 Ra4  0-1

[Event "Victor Ciocaltea Mem"]
[Site "Bucharest ROM"]
[Date "2009.03.31"]
[Round "9"]
[White "Chirila,I"]
[Black "Shishkin,Va UKR"]
[Result "1/2-1/2"]
[WhiteElo "2485"]
[BlackElo "2493"]

1.e4 c5 2.Nf3 Nc6 3.d4 cxd4 4.Nxd4 Nf6 5.Nc3 d6 6.Bg5 Bd7 7.Qd2 h6 8.Bxf6 gxf6
9.f4 Nxd4 10.Qxd4 Qa5 11.O-O-O  1/2-1/2

[Event "Victor Ciocaltea Mem"]
[Site "Bucharest ROM"]
[Date "2009.04.02"]
[Round "11"]
[White "Haznedaroglu,K"]
[Black "Murariu,A"]
[Result "1-0"]
[WhiteElo "2451"]
[BlackElo "2490"]

1.e4 c5 2.Nf3 Nc6 3.d4 cxd4 4.Nxd4 Nf6 5.Nc3 d6 6.Bg5 a6 7.Qd2 e6 8.O-O-O Bd7
9.f3 Be7 10.h4 h6 11.Be3 h5 12.Bg5 Qc7 13.Nxc6 Bxc6 14.Kb1 O-O-O 15.Ne2 Kb8
16.Nd4 Bd7 17.Bd3 e5 18.Nf5 Bxf5 19.exf5 d5 20.Rhe1 Ka8 21.Qe2 Bd6 22.c3 Rhe8
23.Bc2 Qc6 24.g4 hxg4 25.fxg4 e4 26.h5 Bg3 27.Rh1 Rd6 28.h6 Nh7 29.hxg7 Nxg5
30.Qe3 Be5 31.Qxg5 Bf6 32.g8=Q  1-0

[Event "Victor Ciocaltea Mem"]
[Site "Bucharest ROM"]
[Date "2009.04.02"]
[Round "11"]
[White "Erdogdu,M"]
[Black "Lupulescu,C"]
[Result "0-1"]
[WhiteElo "2460"]
[BlackElo "2608"]

1.e4 c5 2.Nf3 Nc6 3.d4 cxd4 4.Nxd4 Nf6 5.Nc3 d6 6.Bg5 e6 7.Qd2 a6 8.O-O-O Bd7
9.Kb1 Be7 10.f3 Qc7 11.Nxc6 Bxc6 12.Bd3 h6 13.Be3 Nd7 14.Ne2 Ne5 15.Nd4 Bd7
16.g4 Nc4 17.Bxc4 Qxc4 18.h4 h5 19.gxh5 Rxh5 20.Bg5 f6 21.Be3 e5 22.Ne2 Kf8
23.Ng3 Rh7 24.h5 Ke8 25.b3 Qc6 26.Qg2 Kd8 27.Nf5 Rc8 28.c4 Bxf5 29.exf5 Kc7
30.Rd5 Rch8 31.Qg6 Qe8 32.c5 dxc5 33.Rhd1 Rxh5 34.Qxg7 R5h7 35.Qg4 Rh4 36.Qg7 R4h7
37.Qg4 Rh1 38.Bg1 Kc8 39.Qe4 Rg8 40.Be3 Rxd1+ 41.Rxd1 Qc6 42.Qxc6+ bxc6 43.Kc2 Rg3
44.Rf1 e4 45.Kd2 exf3 46.Kd3 Kb7 47.Bf2 Rg5 48.Re1 Bd6 49.Re6 Be5 50.Ke4 c4
51.bxc4 Rg4+ 52.Kd3 Bd4 53.Be3 Bxe3 54.Kxe3 Rf4 55.Kf2 Rxf5 56.c5 a5 57.a4 Rxc5
58.Kxf3 f5 59.Ke3 Rc4  0-1

[Event "FSGM April"]
[Site "Budapest HUN"]
[Date "2009.04.07"]
[Round "4"]
[White "Csirik,A"]
[Black "Nguyen Huynh Minh Huy"]
[Result "0-1"]
[WhiteElo "2302"]
[BlackElo "2484"]

1.e4 c5 2.Nf3 d6 3.d4 cxd4 4.Nxd4 Nf6 5.Nc3 Nc6 6.Bg5 e6 7.Qd2 Qb6 8.Bxf6 gxf6
9.Nb3 Bd7 10.O-O-O O-O-O 11.f4 Kb8 12.Be2 h5 13.Rhf1 Rc8 14.Kb1 Na5 15.f5 Be7
16.Qd3 Nc4 17.Rc1 Bf8 18.Qh3 Ne3 19.Rf3 Ng4 20.Rff1 Be7 21.Bxg4 hxg4 22.Qg3 a5
23.a4 Qb4 24.Rf4 Rc4 25.Nd2 Rc7 26.Nb3 Rhc8 27.Rxg4 Rc4 28.Rg8 Bxa4 29.Rxc8+ Rxc8
30.Nxa4 Qxa4 31.Qg7 Qxe4 32.Qxf7 exf5 33.Nxa5 Bd8 34.Nb3 Qxg2 35.h4 Qh2 36.h5 Bb6
37.Qe6 Qe5 38.Re1 Qg3 39.Rd1 Qf3 40.Rxd6 Bc7 41.Rd7 Qxh5 42.Qd5 Rh8 43.Ka2 Qh1
44.Qxf5 Qc6 45.Rd1 Be5 46.Kb1 Rh2 47.Rd8+ Ka7 48.Rd1 Qb6 49.Qe4 Rh8 50.Qf5 Rh4
51.Rf1 Kb8 52.Qg6 Rc4 53.Qg8+ Rc8 54.Qg6 Rd8 55.Qf5 Rd5 56.Qe4 Rd6 57.Qf5 Qe3
58.Qf2 Qe4 59.Qf3 Qb4 60.Qf5 Ra6 61.Kc1 Ra2 62.Rh1 Qb6 63.Rh8+ Ka7 64.Qc8 Qe3+
65.Kd1 Qf3+ 66.Kc1 Qf1+ 67.Kd2 Qf2+ 68.Kd1 Qf1+ 69.Kd2 Bf4+ 70.Kc3 Qe1+ 71.Kd4 Qe3+
72.Kc4 Qe2+ 73.Kb4 Bd6+ 74.Nc5 Rxb2+ 75.Ka3 Rb5 76.Qa8+ Kb6 77.Qxb7+ Kxc5  0-1

[Event "16th TCh-RUS HL"]
[Site "Dagomys RUS"]
[Date "2009.04.07"]
[Round "6"]
[White "Popov,Iv RUS"]
[Black "Makarov,M"]
[Result "1-0"]
[WhiteElo "2568"]
[BlackElo "2511"]

1.e4 c5 2.Nf3 d6 3.d4 cxd4 4.Nxd4 Nf6 5.Nc3 Nc6 6.Bg5 g6 7.Be2 Bg7 8.Nb3 a6
9.f4 h6 10.Bh4 b5 11.Bf3 e5 12.Nd5 O-O 13.O-O Bb7 14.f5 g5 15.Nxf6+ Bxf6
16.Bf2 a5 17.a4 b4 18.Qd2 Qc7 19.Be3 Rfd8 20.Qf2 Qe7 21.Rfd1 Qf8 22.Rd2 Qg7
23.Rad1 g4 24.Be2 Nd4 25.Nxd4 exd4 26.Rxd4 Bxd4 27.Rxd4 Rac8 28.f6 Qg6 29.Bd3 Qh5
30.Qg3 Kh8 31.Bf4 Re8 32.h4 Re6 33.Bxd6 Rxf6 34.Qe5 Qg6 35.Be7 Rc6 36.Rd8+ Kg7
37.h5 Qg5 38.Bf8+ Kh7 39.Qxg5  1-0

[Event "47th Doeberl Cup Premier"]
[Site "Canberra AUS"]
[Date "2009.04.09"]
[Round "2"]
[White "Nadig,K"]
[Black "Bird,A"]
[Result "1-0"]
[WhiteElo "2361"]
[BlackElo "2146"]

1.e4 c5 2.Nf3 d6 3.d4 cxd4 4.Nxd4 Nf6 5.Nc3 Nc6 6.Bg5 e6 7.Qd2 Be7 8.f3 h6
9.Be3 O-O 10.O-O-O d5 11.Qf2 e5 12.Nxc6 bxc6 13.Qg3 Qd6 14.f4 Ng4 15.fxe5 Qb4
16.a3 Qa5 17.Bd2 Qd8 18.exd5 Bh4 19.Qf4 cxd5 20.g3 Bg5 21.Qd4 Re8 22.Bb5 Bd7
23.e6 Bxd2+ 24.Rxd2 Rxe6 25.Qxd5 Nf6 26.Qf3 Rb8 27.Bxd7 Nxd7 28.Qd3 Qb6 29.Na4 Nc5
30.Nxb6 Nxd3+ 31.Rxd3 axb6 32.Rhd1 Kh7 33.c3 f5 34.Rd6 Rbe8 35.Rxe6 Rxe6
36.Rd7 Kg6 37.Kd2 Kf6 38.a4 g5 39.b4 f4 40.gxf4 gxf4 41.Rd8 Kf5 42.b5 f3
43.c4 Re2+ 44.Kd3 Rxh2 45.Rf8+ Kg4 46.a5 bxa5 47.c5 Rb2 48.c6 Rxb5 49.c7 Rc5
50.c8=Q+ Rxc8 51.Rxc8 h5 52.Ke3  1-0

[Event "ARCIMPEX Cup"]
[Site "Frydek Mistek CZE"]
[Date "2009.04.09"]
[Round "1"]
[White "Pecha,T"]
[Black "Rojicek,V"]
[Result "1/2-1/2"]
[WhiteElo "2170"]
[BlackElo "2373"]

1.e4 c5 2.Nf3 Nc6 3.d4 cxd4 4.Nxd4 Nf6 5.Nc3 d6 6.Bg5 e6 7.Qd2 a6 8.O-O-O Bd7
9.f4 h6 10.Bh4 g5 11.fxg5 Ng4 12.Nf3 hxg5 13.Bg3 f6 14.Kb1 Nge5 15.Be2 Rc8
16.h4 g4 17.Nd4 Nxd4 18.Qxd4 Qc7 19.Qf2 Be7 20.Bxe5 dxe5 21.Bxg4 b5 22.a3 a5
23.Rxd7 Qxd7 24.Nd5 f5 25.Nb6 Qa7 26.Rf1 Rc6 27.exf5 Qxb6 28.Qe2 Qc5 29.fxe6 Rf8
30.Bh5+ Kd8 31.Bf7 Bxh4 32.Rd1+ Rd6 33.Rxd6+ Qxd6 34.Qxb5 Bf2 35.Qxa5+ Ke7
36.Qc3 Rb8 37.Qf3 Qd4 38.c3 Qd2 39.b4 Rd8 40.Qb7+ Kf6 41.Bh5 Qd3+ 42.Kb2 Qd2+
43.Kb1 Kxe6 44.Qf7+ Kd6 45.Qf6+ Kc7 46.Qxe5+ Qd6 47.Qe2 Bh4 48.Qc4+ Kb6 49.Qxh4 Qd3+
50.Kb2 Qd2+ 51.Kb1 Qd3+ 52.Kb2 Qd2+ 53.Kb1  1/2-1/2

[Event "47th Doeberl Cup Premier"]
[Site "Canberra AUS"]
[Date "2009.04.10"]
[Round "4"]
[White "Pon,N"]
[Black "Toth,And1"]
[Result "1-0"]
[WhiteElo "2180"]
[BlackElo "2399"]

1.e4 c5 2.Nf3 d6 3.d4 cxd4 4.Nxd4 Nf6 5.Nc3 Nc6 6.Bg5 e6 7.f3 Qb6 8.Nb3 h6
9.Bh4 a6 10.Qd2 Qc7 11.Be2 b5 12.a3 Be7 13.Bg3 Ne5 14.O-O Nh5 15.Bf2 Bg5
16.Be3 Bxe3+ 17.Qxe3 g5 18.Rad1 Ke7 19.Nd4 Qa7 20.Kh1 Bd7 21.Qd2 Qb8 22.g3 Nc4
23.Bxc4 bxc4 24.f4 gxf4 25.g4 Ng7 26.Qxf4 Qf8 27.Nxe6 Bxe6 28.Qxd6+ Ke8 29.Qc6+ Ke7
30.Nd5+ Bxd5 31.Rxd5  1-0

[Event "ArcelorMittal Open"]
[Site "Frydek Mistek CZE"]
[Date "2009.04.10"]
[Round "3"]
[White "Krejci,Jan2"]
[Black "Rabatin,J"]
[Result "1-0"]
[WhiteElo "2430"]
[BlackElo "2124"]

1.e4 c5 2.Nf3 d6 3.d4 cxd4 4.Nxd4 Nf6 5.Nc3 Nc6 6.Bg5 e6 7.Qd2 a6 8.O-O-O Bd7
9.f3 h6 10.Be3 b5 11.Nxc6 Bxc6 12.Kb1 Qc7 13.Bf4 Rd8 14.Bd3 e5 15.Be3 d5
16.exd5 Nxd5 17.Be4 Ne7 18.Qf2 Rb8 19.Bc5 Nc8 20.Bxc6+ Qxc6 21.Bxf8 Rxf8
22.Qg3 Qf6 23.Rhe1  1-0

[Event "CEZ Cup"]
[Site "Frydek Mistek CZE"]
[Date "2009.04.11"]
[Round "5"]
[White "Lefebvre,H"]
[Black "Straka,Jos"]
[Result "1-0"]
[WhiteElo "2241"]
[BlackElo "2216"]

1.e4 c5 2.Nf3 Nc6 3.d4 cxd4 4.Nxd4 Nf6 5.Nc3 d6 6.Bg5 e6 7.Qd2 a6 8.O-O-O Bd7
9.f4 h6 10.Bh4 g5 11.fxg5 Ng4 12.Nf3 hxg5 13.Bg3 Nge5 14.Be2 g4 15.Nxe5 dxe5
16.Kb1 Rg8 17.Rhf1 Qc7 18.Qe3 b5 19.Qf2 Nd8 20.Bh4 Be7 21.Bxe7 Kxe7 22.Qh4+ Ke8
23.Bxg4 b4 24.Ne2 Rc8 25.Rd2 Ba4 26.b3 Bb5 27.Bh5 Rf8 28.Rf6 Qe7 29.Ng3 Rc7
30.Rdf2 Qd6 31.Nf5 Qc6 32.Rd2 Rg8 33.Nd6+ Kf8 34.Nxb5 Rd7 35.Na7 Qc7 36.Rxd7 Qxd7
37.Qf2 Qe7 38.Nc8 Qc7 39.Nb6 Rg5 40.g4 Rg7 41.Nc4 Qe7 42.Nxe5 Kg8 43.Nxf7 Nxf7
44.Rxf7 Qd6 45.Rxg7+ Kxg7 46.g5 a5 47.Qf6+  1-0

[Event "ARCIMPEX Cup"]
[Site "Frydek Mistek CZE"]
[Date "2009.04.11"]
[Round "5"]
[White "Petenyi,T"]
[Black "Rojicek,V"]
[Result "0-1"]
[WhiteElo "2293"]
[BlackElo "2373"]

1.e4 c5 2.Nf3 d6 3.d4 cxd4 4.Nxd4 Nf6 5.Nc3 Nc6 6.Bg5 e6 7.Qd2 a6 8.O-O-O Bd7
9.f4 h6 10.Bxf6 Qxf6 11.Nxc6 Bxc6 12.Kb1 Qd8 13.f5 Qc7 14.fxe6 fxe6 15.Be2 O-O-O
16.Bg4 Bd7 17.Rhf1 Qc5 18.e5 Qxe5 19.Rde1 Qg5 20.Qd4 Be7 21.Bxe6 Bxe6 22.Rxe6 Bf6
23.Rfxf6 gxf6 24.Nd5 Rhe8 25.Ne7+ Kc7 26.a3 Qc5 27.Qe4 Kb8 28.Nd5 Rxe6 29.Qxe6 Qd4
30.Nxf6 Qd1+ 31.Ka2 Qxc2 32.Nd7+ Kc7 33.Nf6 Qc6 34.Nd5+ Kb8 35.Nb4 Qxg2 36.Qb3 Qg8
37.Nc6+ Kc7 38.Nxd8 Qxb3+ 39.Kxb3 Kxd8 40.Kc4 b5+ 41.Kd5 Kd7 42.h4 h5 43.b3 a5
44.b4 a4 45.Ke4 Ke6 46.Kd4 d5 47.Kc5 Ke5 48.Kxb5 d4 49.Kc4 Ke4 50.b5 d3 51.Kc3 Ke3
52.b6 d2 53.b7 d1=Q 54.b8=Q Qc1+ 55.Kb4 Qb1+  0-1

[Event "ArcelorMittal Open"]
[Site "Frydek Mistek CZE"]
[Date "2009.04.11"]
[Round "5"]
[White "Mandon,F"]
[Black "Nguyen,Dinh"]
[Result "0-1"]
[WhiteElo "2257"]
[BlackElo "2032"]

1.e4 c5 2.Nf3 Nc6 3.d4 cxd4 4.Nxd4 Nf6 5.Nc3 d6 6.Bg5 e6 7.Qd2 Be7 8.Be2 O-O
9.O-O Nxd4 10.Qxd4 b6 11.Rad1 Bb7 12.Qe3 Qb8 13.Qg3 Rd8 14.f4 Qc7 15.Bd3 Nh5
16.Qh4 Qc5+ 17.Kh1 Bxg5 18.fxg5 g6 19.Be2 Ng7 20.Rd3 Qe5 21.Rh3 Kf8 22.Rhf3 Nf5
23.exf5 Bxf3 24.Qh6+ Ke7 25.f6+ Kd7 26.Bxf3 d5 27.Qh4 a6 28.Qa4+ b5 29.Qb4 Qd6
30.Qxd6+ Kxd6 31.a3 Rac8 32.Rf2 Kc7 33.Rd2 Kb6 34.Kg1 Rc4 35.g3 Rc5 36.Kf2 Rc7
37.Ke3 Rc4 38.Kd3 Kc5 39.b3 Rd4+ 40.Ke3 Rxd2 41.Kxd2 a5 42.h4 b4 43.axb4+ axb4
44.Na4+ Kd6 45.Nb2 e5 46.Be2 e4 47.Nd1 Ra8 48.Bb5 Ke5 49.Ne3 Rc8 50.Ng4+ Ke6
51.Ne3 Rc3 52.Be8 d4 53.Nf1 Rf3 54.Bb5 Rf2+ 55.Kd1 Ke5 56.Bc4 d3 57.Ne3 Kd4
58.cxd3 Kxe3 59.dxe4 Rd2+ 60.Ke1 Ra2 61.Kd1 Ra7 62.e5 Kf2 63.e6 fxe6 64.Bxe6 Kxg3
65.Bg8 Kxh4 66.f7 Ra8 67.Kd2 Kxg5 68.Bxh7 Kh6 69.Bg8 Kg7 70.Kd3 Rd8+ 71.Kc4 g5
72.Kxb4 g4 73.f8=Q+ Kxf8 74.Bc4 Rd4  0-1

[Event "Jack Speigel Mem"]
[Site "Southend ENG"]
[Date "2009.04.11"]
[Round "4"]
[White "McDonald,N"]
[Black "Wells,P"]
[Result "1/2-1/2"]
[WhiteElo "2405"]
[BlackElo "2489"]

1.e4 c5 2.Nf3 Nc6 3.d4 cxd4 4.Nxd4 Nf6 5.Nc3 d6 6.Bg5 e6 7.Qd2 Be7 8.O-O-O Nxd4
9.Qxd4 O-O 10.f4 Qa5 11.e5 dxe5 12.Qxe5 Qxe5 13.fxe5 Nd5 14.Bxe7 Nxe7 15.Bd3 b6
16.Be4 Rb8 17.Rhe1 Bb7 18.Nb5 Bxe4 19.Rxe4 Rb7 20.Ra4 a5 21.Rc4 Ng6 22.Re1 Rd8
23.Rc6 h5 24.Nd6 Rbb8 25.Nc4 Nf4 26.Rxb6 Rxb6 27.Nxb6 Nxg2 28.Re4 g5 29.c4 Nf4
30.Kc2 Nd3 31.Na4 Nb4+ 32.Kb3 Rd3+ 33.Nc3 Na6 34.Re2 Nc5+ 35.Kc2 Rh3 36.b3 g4
37.a3 Nd3 38.Ne4 a4  1/2-1/2

[Event "47th Doeberl Cup Premier"]
[Site "Canberra AUS"]
[Date "2009.04.12"]
[Round "8"]
[White "Akshayraj,K"]
[Black "Bird,A"]
[Result "1-0"]
[WhiteElo "2404"]
[BlackElo "2146"]

1.e4 c5 2.Nf3 d6 3.d4 cxd4 4.Nxd4 Nf6 5.Nc3 Nc6 6.Bg5 e6 7.Qd2 Be7 8.O-O-O Nxd4
9.Qxd4 O-O 10.h4 Qa5 11.Kb1 Rd8 12.Qd2 Kh8 13.f4 Bd7 14.Bd3 Bc6 15.Qe2 Rd7
16.e5 dxe5 17.fxe5 Ng8 18.Bxh7 Rxd1+ 19.Rxd1 Bxg5 20.hxg5 g6 21.Rf1 Qc7 22.Bxg8 Kxg8
23.a3 Rd8 24.Qe3 b5 25.Rh1 a5 26.Qf4 Kf8 27.Rh8+ Ke7 28.Qf6+ Kd7 29.Qxf7+ Kc8
30.Qxe6+ Kb7 31.Rxd8 Qxd8 32.Qf7+ Kb6 33.Qf2+ Kb7 34.Qc5 Qd7 35.b4 axb4 36.axb4 Ka6
37.Qd6 Qxd6 38.exd6 Kb7 39.Ne2 Bxg2 40.Nf4 Be4 41.d7  1-0

[Event "CEZ Cup"]
[Site "Frydek Mistek CZE"]
[Date "2009.04.12"]
[Round "7"]
[White "Talla,V"]
[Black "Straka,Jos"]
[Result "1/2-1/2"]
[WhiteElo "2456"]
[BlackElo "2216"]

1.e4 c5 2.Nf3 d6 3.d4 cxd4 4.Nxd4 Nf6 5.Nc3 Nc6 6.Bg5 e6 7.Qd2 a6 8.O-O-O Bd7
9.f3 h6 10.Be3 b5 11.Kb1 Qc7 12.Bxb5 axb5 13.Ndxb5 Qb8 14.Nxd6+ Bxd6 15.Qxd6 Qxd6
16.Rxd6 Ne5 17.b3 Rc8 18.Ne2 Ke7 19.Rd2 Bb5 20.Nc1 Rhd8 21.Rhd1 Rxd2 22.Rxd2 g5
23.c4 Ba6 24.Nd3 Nxd3 25.Rxd3 Nd7 26.a4 f6 27.Ka2 h5 28.h3 g4 29.hxg4 hxg4
30.Rc3 Ne5  1/2-1/2

[Event "ArcelorMittal Open"]
[Site "Frydek Mistek CZE"]
[Date "2009.04.12"]
[Round "8"]
[White "Leks,H"]
[Black "Framberk,J"]
[Result "1-0"]
[WhiteElo "2174"]
[BlackElo "2022"]

1.e4 c5 2.Nf3 d6 3.d4 cxd4 4.Nxd4 Nf6 5.Nc3 Nc6 6.Bg5 e6 7.Bb5 Bd7 8.Bxc6 bxc6
9.Qf3 Qa5 10.Bxf6 gxf6 11.Qxf6 Rg8 12.Qf3 Rb8 13.Nb3 Qe5 14.g3 c5 15.Qe2 Bc6
16.f4 Qf6 17.O-O-O Qe7 18.Na5 Qc7 19.Nxc6 Qxc6 20.Rhe1 Qb6 21.b3 Qb4 22.Kb2 Bg7
23.e5 d5 24.Qa6 Qb6 25.Qxb6 Rxb6 26.Na4 Rc6 27.c4 d4 28.b4 cxb4 29.Rxd4 Bf8
30.Red1 Be7 31.Kb3 Rc7 32.c5 a5 33.Kc4 f6 34.exf6 Bxf6 35.Rd6 Kf7 36.Rd7+ Rxd7
37.Rxd7+ Kg6 38.c6 Rc8 39.c7 Bd8 40.Rxd8 Rxc7+ 41.Nc5 Kf5 42.h3 Rg7 43.Rf8+  1-0

[Event "Jack Speigel Mem"]
[Site "Southend ENG"]
[Date "2009.04.12"]
[Round "6"]
[White "Hebden,M"]
[Black "Wells,P"]
[Result "0-1"]
[WhiteElo "2510"]
[BlackElo "2489"]

1.e4 c5 2.Nf3 Nc6 3.d4 cxd4 4.Nxd4 Nf6 5.Nc3 d6 6.Bg5 e6 7.Qd2 Be7 8.O-O-O a6
9.f4 Nxd4 10.Qxd4 b5 11.Bxf6 gxf6 12.Be2 Qc7 13.Bf3 Rb8 14.Kb1 b4 15.Ne2 a5
16.Ng3 Qb6 17.Qd2 a4 18.Rhe1 Rg8 19.Nh5 Qc5 20.Re3 Ba6 21.g4 Rb6 22.h4 h6
23.b3 Kd7 24.Ng3 Rc8 25.Be2 Ra8 26.e5 fxe5 27.Ne4 Qc8 28.fxe5 d5 29.Nf6+ Bxf6
30.exf6 Bxe2 31.Rxe2 Qc3 32.Qxc3 bxc3 33.Rd4 Kd6 34.g5 hxg5 35.hxg5 e5 36.Rg4 d4
37.g6 axb3 38.cxb3 d3 39.Re3 c2+ 40.Kc1 Rxb3  0-1